The Smurfs 2 - Ooh La La Lyrics - Statistics

General Stats
  • This quiz has been taken 9 times
  • The average score is 20 of 52
Answer Stats
Lyrics % Correct
Be my {ooh} la la
86%
Be my ooh {la} la
86%
Be my ooh la {la}
86%
Be {my} ooh la la
71%
Baby come with me and be my {ooh} {la} {la}
57%
{Be} my ooh la la
57%
Ooh my my baby {don't} {be} shy
57%
Ooh my my baby {don't} {be} shy
57%
So baby come with me and be my {ooh} {la} {la}
57%
So baby come with me and be my {ooh} {la} {la}
57%
I see that {spark} {flashing} in your eye
43%
I see that {spark} {flashing} in your eye
43%
I see that spark flashing in {your} {eye}
43%
I see that spark flashing in {your} {eye}
43%
It feel so good I {don't} {wanna} stop
43%
My {heart} {beats} fast cause I want it all
43%
My {heart} {beats} fast cause I want it all
43%
My heart beats fast cause I {want} {it} {all}
43%
Ooh my my baby don't be {shy}
43%
Ooh my my baby don't be {shy}
43%
Take my hand we can go {all} {night}
43%
Take my hand we can go {all} {night}
43%
Take {my} {hand} we can go all night
43%
And {spin} {me} round just the way I like
29%
And {spin} {me} round just the way I like
29%
And spin me round just the {way} {I} {like}
29%
Baby I would {go} {with} {you} anywhere
29%
{Break} {it} {down} show me what you've got
29%
{Break} {it} {down} show me what you've got
29%
C'mon turn it up 'til the {speakers} {pop}
29%
C'mon turn it up 'til the {speakers} {pop}
29%
It feel {so} {good} I don't wanna stop
29%
It feel {so} {good} I don't wanna stop
29%
Ooh I think you're good just the {way} {you} {are}
29%
So baby {come} {with} {me} and be my ooh la la
29%
So baby {come} {with} {me} and be my ooh la la
29%
So baby {come} {with} {me} and be my ooh la la
29%
So baby {come} {with} {me} and be my ooh la la
29%
So baby come {with} {me} and be my ooh la la
29%
We don't need {no} {gold}
29%
We don't stop 'til we {get} {enough}
29%
We don't stop 'til we {get} {enough}
29%
{We'll} {be} {shining} anyway, you'll see
29%
You don't have roll like a {millionaire}
29%
You don't have to look like a {movie} {star}
29%
You know can nobody {get} {down} {like} {us}
29%
You know can't nobody {get} {down} {like} {us}
29%
Fingers {in} {my} {hair} and I'm letting go tonight
14%
Just as long as we're {dancing} {on} {the} {floor}
14%
Tell me if you could would you {up} {and} {run} {away}, with me?
14%
You don't have to wear {no} {designer} {clothes}
14%
So {free}
0%
No matching quizzes found
Score Distribution
Percent of People with Each Score
Percentile by Number Answered
Your Score History
You have not taken this quiz